Caracterización química de aceites de oliva producidos en la región de Coquimbo
Guardado en:
| Autores principales: | , , , |
|---|---|
| Formato: | Libro |
| Lenguaje: | español |
| Publicado: |
La Serena
Instituto de Investigaciones Agropecuarias
2006
|
| Colección: | Boletín INIA, 153
|
| Materias: | |
| Etiquetas: |
Agregar Etiqueta
Sin Etiquetas, Sea el primero en etiquetar este registro!
|
MARC
| LEADER | 00000nam a2200000 a 4500 | ||
|---|---|---|---|
| 001 | UCI4665 | ||
| 003 | CL-VaPUC | ||
| 005 | 20210702085928.0 | ||
| 008 | 080125e20060000CL |||||||||||||||||spa|d | ||
| 999 | |c 328560 |d 328558 | ||
| 040 | |c Pontificia Universidad Católica de Valparaíso | ||
| 082 | 0 | 4 | |a 665.3 TRO 2006 |2 21 |
| 100 | 0 | |a Troncoso Vidal, Héctor |e author |9 526671 | |
| 245 | 1 | 0 | |a Caracterización química de aceites de oliva producidos en la región de Coquimbo |
| 260 | |a La Serena |b Instituto de Investigaciones Agropecuarias |c 2006 | ||
| 300 | |a 29 páginas | ||
| 490 | 0 | |a Boletín INIA, 153 | |
| 583 | |a last modification |c 20080125 00:00:00 |k Rodrigo Vera | ||
| 650 | 0 | |a Aceites vegetales |9 336958 | |
| 650 | 0 | |a Aceite de oliva |9 264820 | |
| 650 | 7 | |a PRODUCCION DE ACEITES |2 CL-VaPUC |9 493280 | |
| 650 | 0 | |a FERTILIZACION AGRICOLA |2 CL-VaPUC |9 404869 | |
| 650 | 0 | |a Riego |9 259685 | |
| 651 | 7 | |a CHILE |2 CL-VaPUC |9 526675 |z LA SERENA | |
| 700 | |a Jamett Díaz, Fabiola |e author |9 526683 | ||
| 700 | 0 | |a Benavides López, Adriana |e author |9 526673 | |
| 700 | 0 | |a Astorga Pereira, Mario |e author |9 526674 | |
| 942 | |c BK |2 ddc | ||
| 945 | |d 20080125 00:00:00 |a jtorresc | ||
| 952 | |0 0 |1 0 |4 0 |6 665_300000000000000_TRO_2006 |7 0 |8 A |9 412518 |a BIBAGR |b BIBAGR |d 2019-11-22 |i 4406214 |o 665.3 TRO 2006 |p 4406214 |r 2025-01-20 |w 2019-11-22 |y BK |k AGR | ||